00404nam a2200157 a 4500001000500000005001700005008004100022020001800063050001800081100001700099245002900116260003300145300002300178440002600201700001900227277320140414131903.0050928s19uu xx 00 eng d a0-307-16184-6 aFICbF22 1996 aErica Farber aThe blue ribbon mystery. aNew :bA Golden Book,c1996. a68 p. : ill. ; cm. aLC + the Critter Kids aJ.R. Sansevere